| 000 | 02131cam a22003854a 4500 | ||
|---|---|---|---|
| 999 |
_c174531 _d174531 |
||
| 001 | 13898818 | ||
| 003 | Nust | ||
| 005 | 20170131110815.0 | ||
| 008 | 050314s2005 enka b 101 0 eng | ||
| 010 | _a 2005047300 | ||
| 020 | _a1403947201 | ||
| 040 |
_aDLC _cDLC _dDLC |
||
| 042 | _apcc | ||
| 043 |
_af------ _aa------ |
||
| 050 | 0 | 0 |
_aHC499.Z9 _bP656 2003 |
| 082 | 0 | 0 |
_a339.4/6/091767 _222 |
| 111 | 2 |
_aInternational Conference on Islamic Economics and Finance _n(5th : _d2003 : _cManama, Bahrain) |
|
| 245 | 1 | 0 |
_aPoverty in Muslim countries and the new international economic order / _cedited by]Munawar Iqbal and Habib Ahmed. |
| 260 |
_aHoundmills, Basingstoke, Hampshire ; _aNew York : _bPalgrave Macmillan, _c2005. |
||
| 300 |
_axxii, 189 p. : _bill. ; _c23 cm. |
||
| 500 | _aPapers from the 5th International Conference on Islamic Economics and Finance, held Oct. 7-9, 2003 in Manama, Bahrain, organized by the International Association for Islamic Economics, the Islamic Research and Training Institute, and the University of Bahrain. | ||
| 504 | _aIncludes bibliographical references and index. | ||
| 650 | 0 |
_aPoverty _zIslamic countries _vCongresses. |
|
| 650 | 0 |
_aGlobalization _xEconomic aspects _vCongresses. |
|
| 651 | 0 |
_aIslamic countries _xEconomic conditions _vCongresses. |
|
| 700 | 1 | _aIqbal, Munawar. | |
| 700 | 1 | _aAhmed, Habib. | |
| 710 | 2 | _aIslamic Research and Training Institute. | |
| 710 | 2 | _aInternational Association for Islamic Economics. | |
| 710 | 2 | _aJāmiʻat al-Baḥrayn. | |
| 856 | 4 | 2 |
_3Contributor biographical information _uhttp://www.loc.gov/catdir/enhancements/fy0624/2005047300-b.html |
| 856 | 4 | 2 |
_3Publisher description _uhttp://www.loc.gov/catdir/enhancements/fy0624/2005047300-d.html |
| 856 | 4 | 1 |
_3Table of contents only _uhttp://www.loc.gov/catdir/enhancements/fy0624/2005047300-t.html |
| 906 |
_a7 _bcbc _corignew _d1 _eocip _f20 _gy-gencatlg |
||
| 942 |
_2ddc _cBK |
||